Statistiken für Tiere den verschiedenen Zeitaltern zuordnen

Klicken Sie hier um das Quiz zu spielen!

Allgemein

  • Dieses Quiz wurde 53 mal gespielt
  • Das Durchschnittsergebnis liegt bei 7 aus 24

Antwortstatistiken

UrzeittierZeitalter% Korrekt
SpinosaurusKreide
100%
Tyrannosaurus rexKreide
68%
DiplodocusJura
43%
PostosuchusTrias
43%
LiopleurodonJura
41%
DunkleosteusDevon
30%
GorgonopsPerm
30%
PlaceriasTrias
30%
LystrosaurusPerm
27%
AnomalocarisKambrium
22%
OpabiniaKambrium
19%
MeganeuraKarbon
19%
MegalodonNeogen
19%
EndocerasOrdovizium
19%
WollhaarmammutQuartär
19%
HöhlenlöweQuartär
19%
BrontoscorpioSilur
19%
ArthropleuraKarbon
16%
PterygotusSilur
16%
StethacanthusDevon
14%
LivyatanNeogen
14%
AstraspisOrdovizium
14%
AndrewsarchusPaläogen
14%
GastornisPaläogen
14%

Verteilung der Resultate

Perzentil nach korrekt beantworteten Fragen

Anzahl Personen mit jedem Resultat

Ihre Resultats-Entwicklung

Sie haben dieses Quiz noch nicht gespielt